Former Flags of South America Countries/Territories - Statistics

General Stats
  • This quiz has been taken 65 times
  • The average score is 8 of 13
Answer Stats
Picture Answer % Correct
Argentine Confederation
97%
Kingdom of Brazil
97%
Bolivian Republic (Part of Peru-Bolivian Confederation)
91%
Gran Colombia
84%
Protectorate of Peru
84%
Ecuador
81%
First Republic of Venezuela
72%
Suriname
69%
Incan Empire
47%
Republic of Acre
34%
Riograndense Republic (Piratini-Rio Grande)
28%
Free and Independent State of Cundinamarca
25%
Buenos Aires, State of
22%
No matching quizzes found
Score Distribution
Percent of People with Each Score
Percentile by Number Answered
Your Score History
You have not taken this quiz